00427nam a2200169Ia 4500003000400000005001700004008004100021020002900062040001700091082001800108100001700126245004100143250001100184260002500195300001600220650002100236IIN20240104131619.0231217s9999 xx 000 0 und d cRs.415.00a9789389261950 aIINbEnglish a428.0071bSHA1 aSharma, Liza1 aEnglish bfor Nursescby Liza Sharma a2nd ed bCBSaNew Delhic2020 axiv, 446 p.1 aEnglish vNurses